UITU Library & LRC     

CNC Based Pen Plotter Plus Etching Module (Record no. 33267)

MARC details
000 -LEADER
fixed length control field 00557nam a2200145Ia 4500
008 - FIXED-LENGTH DATA ELEMENTS--GENERAL INFORMATION
fixed length control field 260210s9999 xx 000 0 und d
024 ## - OTHER STANDARD IDENTIFIER
Standard number or code 16B-135-EL & 16B-136-EL
082 ## - DEWEY DECIMAL CLASSIFICATION NUMBER
Classification number 004.7092 HAS
100 ## - MAIN ENTRY--PERSONAL NAME
Personal name Hassand Khan Afridi & Muhammad Aqib Suhail
245 #0 - TITLE STATEMENT
Title CNC Based Pen Plotter Plus Etching Module
260 ## - PUBLICATION, DISTRIBUTION, ETC.
Place of publication, distribution, etc. Karachi:
Name of publisher, distributor, etc. UITU,
Date of publication, distribution, etc. 2016
600 ## - SUBJECT ADDED ENTRY--PERSONAL NAME
Personal name Electronic Engineering
650 ## - SUBJECT ADDED ENTRY--TOPICAL TERM
Topical term or geographic name entry element Bachelor of Engineering (BE)
856 ## - ELECTRONIC LOCATION AND ACCESS
Uniform Resource Identifier <a href="https://drive.google.com/file/d/1X-NPfDdsV-Nvs0Qr3exRaTL6ETK0l-i7/view?usp=sharing">https://drive.google.com/file/d/1X-NPfDdsV-Nvs0Qr3exRaTL6ETK0l-i7/view?usp=sharing</a>
Link text Click here to online Reading

No items available.

Powered by Koha